000 00891nam a2200265Ia 4500
001 21806
005 20260320113314.0
008 260320s9999||||xx |||||||||||||| ||und||
020 _a9786124443572
041 _aESP
082 _a725
_bC28
100 _aCargol Noguer, Josep,
_eEDT y DIR
245 0 _aContextos proyectuales
_b
246 _a
_5
_b
250 _aPrimera edición
260 _aHuancayo :
_bUniversidad Continental. Fondo Editorial,
_c2023
300 _a315 páginas :
_bfotografías, mapas ;
_c23 cm.
_e
440 _a(Infraestructuras territoriales
_n
_v; volumen 1)
650 _aABD
653 _aInfraestructura; Proyectos de arquitectura; Inversiones públicas
654 _aCAU
700 _a
_c
856 _uhttps://www-architectureopenlibrary-com.ucsp.lookproxy.com/
_zVéase además: Base de datos A+T Architecture Publishers
942 _cLIB
_dJUS
_fMAT
_2ddc
_n
999 _c21806
_d21806